| 000 | 01341nac a22002651u 4500 | ||
|---|---|---|---|
| 010 | _a 2006031969 | ||
| 020 | _a9780521877718 | ||
| 020 | _a9780521701532 (pbk.) | ||
| 082 | 0 | 0 |
_a321.8 _bTIL |
| 090 |
_c8422 _d8422 |
||
| 100 | _aTilly, Charles. | ||
| 245 | 1 | 0 |
_aDemocracy / _cCharles Tilly. |
| 260 |
_aCambridge, [England] ; _aNew York : _bCambridge University Press,2007 _cc2007. |
||
| 300 |
_axii, 234 p. : _bill. ; _c24 cm. |
||
| 500 | _aDistributer: Al-Ahram | ||
| 504 | _aIncludes bibliographical references (p. 207-227) and index. | ||
| 505 | 0 | _aWhat is democracy? -- Democracy in history -- Democratization and de-democratization -- Trust and distrust -- Equality and inequality -- Power and public politics -- Alternative paths -- Democracy's pasts and futures -- References. | |
| 511 | _aCatalogued by: Sara | ||
| 650 | 0 | _aDemocracy. | |
| 856 | 4 | 1 |
_3Table of contents only _uhttp://www.loc.gov/catdir/toc/ecip072/2006031969.html |
| 856 | 4 | 1 |
_3Contributor biographical information _uhttp://www.loc.gov/catdir/enhancements/fy0729/2006031969-b.html |
| 856 | 4 | 1 |
_3Publisher description _uhttp://www.loc.gov/catdir/enhancements/fy0729/2006031969-d.html |
| 942 |
_cBB _k321.8TIL |
||
| 999 |
_c8422 _d8422 |
||